Logo BPK

Biblioteka

Politechniki Koszalińskiej

XXIX Międzyuczelniana Konferencja Metrologów [MKM'97] (Rekord nr 32629)

Szczegóły MARC
000 -ETYKIETA REKORDU
podpole kontrolne o stałej długości 01029nam a2200229 i 4500
001 - NUMER KONTROLNY REKORDU
pole kontrolne bg
020 ## - MIĘDZYNARODOWY ZNORMALIZOWANY NUMER KSIĄŻKI - ISBN
ISBN 8390730812 (2 t.)
040 ## - ŹRÓDŁO KATALOGOWANIA
Instytucja, która utworzyła rekord BPK
041 0# - KOD JĘZYKA
Kod języka tekstu pl
Kod języka streszczenia lub abstraktu en
080 ## - UNIWERSALNA KLASYFIKACJA DZIESIĘTNA - UKD
UKD 621.317:53.08:006.91:378.662:372.838.9](061.3)
920 ## - Międzynarodowy znormalizowany numer książki – ISBN
ISBN 83-907308-1-2 (2 t.)
008 - POLE O STAŁEJ DŁUGOŚCI - DANE KONTROLNE
podpole kontrolne o stałej długości s pl f |000 0 pol
111 2# - NAZWA IMPREZY
Nazwa imprezy Międzyuczelniana Konferencja Metrologów
Oznaczenie części/sekcji/imprezy (29 ;
Data imprezy 1997 ;
Miejsce imprezy Nałęczów).
245 05 - TYTUŁ/ODPOWIEDZIALNOŚĆ
Tytuł XXIX Międzyuczelniana Konferencja Metrologów [MKM'97]
Ciąg dalszy tytułu Nałęczów 10-12 września 1997 r. : materiały konferencyjne.
Oznaczenie części/sekcji dzieła T. 2 /
Pozostałe elementy strefy tytułu i oznaczenia odpowiedzialności [oprac. red. Eligiusz Pawłowski] ; Politechnika Lubelska. Katedra Metrologii Elektrycznej i Elektronicznej.
260 ## - STREFA ADRESU WYDAWNICZEGO
Miejsce wydania Lublin :
Nazwa wydawcy/dystrybutora Pracownia Poligraficzna Prywatnego LO [Liceum Ogólnokształcącego] im. K. Gostyńskiego,
Data publikacji, dystrybucji/powstania dokumentu 1997.
300 ## - STREFA OPISU FIZYCZNEGO
Objętość S. X, [1], 312-630, [3] s. :
Inne cechy fizyczne 1 il., fot., rys., wykr. ;
Rozmiary 24 cm.
504 ## - UWAGA DOTYCZĄCA BIBLIOGRAFII
Informacje o bibliografii Bibliogr., summ. przy ref. - Indeks.
650 #9 - HASŁO PRZEDMIOTOWE W FORMIE NAZWY OGÓLNEJ LUB JEDNOSTKOWEJ
Nazwa ogólna lub geograficzna Pomiary
655 ## - TERMIN INDEKSOWY - OKREŚLENIE RODZAJU/FORMY DOKUMENTU
Określenie rodzaju/formy dokumentu Materiały konferencyjne
700 1# - HASŁO DODATKOWE - NAZWA OSOBOWA
Nazwa osobowa Pawłowski, Eligiusz.
Określenie związku między hasłem a opisywanym materiałem Red.
942 ## - DODATKOWE ELEMENTY (KOHA)
Typ dokumentu Książka
Egzemplarze
Wycofany Status egzemplarza Uszkodzony Dostępność Lokalizacja stała Lokalizacja bieżąca Miejsce przechowywania Sygnatura Kod kreskowy Typ dokumentu
      Dostępny Biblioteka Politechniki Koszalińskiej Biblioteka Politechniki Koszalińskiej Wypożyczalnia BG 41798 01294767 Książka
© 2023 Biblioteka Politechniki Koszalińskiej :: KOHA